000 00447nam a2200181Ia 4500
001 23213
005 20260414150922.0
008 260414t2013||||xx |||||||||||||| ||spa||
041 _aESP
082 _a627
_bC268
100 _aCoutinho de Lencastre, Armando
_eAUT
245 0 _aManual de ingeniería hidráulica
_b
260 _c2013
300 _axxxi, 660 páginas :
_c30 cm.
650 _a0
654 _aCIC
942 _cLIB
_dJUS
_fJUS
_2ddc
_n
999 _c23213
_d23213